មេរៀនសង្ខេបស្តីអំពីកសិកម្មតំបន់ខ្ពស់រាប (Record no. 9495)
[ view plain ]
| 000 -LEADER | |
|---|---|
| fixed length control field | 00485nam a22001217a 4500 |
| 040 ## - CATALOGING SOURCE | |
| Transcribing agency | HS |
| 082 ## - DEWEY DECIMAL CLASSIFICATION NUMBER | |
| Classification number | 333 |
| 100 ## - MAIN ENTRY--AUTHOR NAME | |
| Personal name | ហ៊ឹម សាមិត្ត |
| 245 ## - TITLE STATEMENT | |
| Title | មេរៀនសង្ខេបស្តីអំពីកសិកម្មតំបន់ខ្ពស់រាប |
| 260 ## - PUBLICATION, DISTRIBUTION, ETC. (IMPRINT) | |
| Place of publication | នាយកដ្ខានក្សេត្រសាស្ត្រ អង្គការស៊ីដសេ |
| Name of publisher | ហ៊ឺម សាមិត្ត |
| Year of publication | 1997 |
| 300 ## - PHYSICAL DESCRIPTION | |
| Number of Pages | 77p; |
| 942 ## - ADDED ENTRY ELEMENTS (KOHA) | |
| Koha item type | សៀវភៅភាសាខ្មែរ |
| 952 ## - LOCATION AND ITEM INFORMATION (KOHA) | |
| Withdrawn status [LOCAL, KOHA] | 0 |
| 952 ## - LOCATION AND ITEM INFORMATION (KOHA) | |
| Withdrawn status [LOCAL, KOHA] | 0 |
| Permanent Location | Date acquired | Koha item type | Lost status | Shelving location | Barcode | Current Location | Full call number |
|---|---|---|---|---|---|---|---|
| Library Block C | 2016-09-02 | សៀវភៅភាសាខ្មែរ | C194 | RUA44049 | Library Block C | 333 ហ៊ឺម 1997 C194 | |
| Library Block C | 2016-09-02 | សៀវភៅភាសាខ្មែរ | C194 | RUA44318 | Library Block C | 333 ហ៊ឺម 1997 C194 |